Модернизация рентгеновского дифрактометра для исследования структурных и фазовых изменений в материалах в среде водорода; Перспективы развития фундаментальных наук; Т. 1 : Физика
| Parent link: | Перспективы развития фундаментальных наук=Prospects of Fundamental Sciences Development: сборник научных трудов XVI Международной конференции студентов, аспирантов и молодых ученых, г. Томск, 23-26 апреля 2019 г./ Национальный исследовательский Томский политехнический университет (ТПУ) ; под ред. И. А. Курзиной, Г. А. Вороновой.— , 2019 Т. 1 : Физика.— 2019.— [С. 73-75] |
|---|---|
| Autor principal: | |
| Autor Corporativo: | |
| Outros Autores: | , |
| Resumo: | Заглавие с экрана In this paper, the upgrade ofx-ray diffractometer for studies of structural and phase changes in materials under hydrogen atmosphere was carried out. The main components of the diffractometer were described. Also techniques for diffraction patterns obtaining in the in situ mode were worked out. |
| Idioma: | russo |
| Publicado em: |
2019
|
| Assuntos: | |
| Acesso em linha: | http://earchive.tpu.ru/handle/11683/55802 |
| Formato: | Recurso Electrónico Capítulo de Livro |
| KOHA link: | https://koha.lib.tpu.ru/cgi-bin/koha/opac-detail.pl?biblionumber=629658 |
MARC
| LEADER | 00000naa2a2200000 4500 | ||
|---|---|---|---|
| 001 | 629658 | ||
| 005 | 20231101133555.0 | ||
| 035 | |a (RuTPU)RU\TPU\conf\30388 | ||
| 035 | |a RU\TPU\conf\30387 | ||
| 090 | |a 629658 | ||
| 100 | |a 20190904d2019 k y0rusy50 ca | ||
| 101 | 0 | |a rus |d eng | |
| 102 | |a RU | ||
| 105 | |a y z 100zy | ||
| 135 | |a drcn ---uucaa | ||
| 181 | 0 | |a i | |
| 182 | 0 | |a b | |
| 200 | 1 | |a Модернизация рентгеновского дифрактометра для исследования структурных и фазовых изменений в материалах в среде водорода |d Ubgrade of x-ray diffractometer for studies of structural and phase changes in materials under hydrogen atmosphere |f Д. С. Бритт, Г. В. Гаранин |g науч. рук. М. С. Сыртанов | |
| 203 | |a Текст |c электронный | ||
| 230 | |a 1 компьютерный файл (pdf; 302 Kb) | ||
| 300 | |a Заглавие с экрана | ||
| 320 | |a [Библиогр.: с. 75 (1 назв.)] | ||
| 330 | |a In this paper, the upgrade ofx-ray diffractometer for studies of structural and phase changes in materials under hydrogen atmosphere was carried out. The main components of the diffractometer were described. Also techniques for diffraction patterns obtaining in the in situ mode were worked out. | ||
| 461 | 1 | |0 (RuTPU)RU\TPU\conf\30347 |t Перспективы развития фундаментальных наук |l Prospects of Fundamental Sciences Development |o сборник научных трудов XVI Международной конференции студентов, аспирантов и молодых ученых, г. Томск, 23-26 апреля 2019 г. |o в 7 т. |f Национальный исследовательский Томский политехнический университет (ТПУ) ; под ред. И. А. Курзиной, Г. А. Вороновой |d 2019 | |
| 463 | 1 | |0 (RuTPU)RU\TPU\conf\30348 |t Т. 1 : Физика |v [С. 73-75] |d 2019 | |
| 510 | 1 | |a Ubgrade of x-ray diffractometer for studies of structural and phase changes in materials under hydrogen atmosphere |z eng | |
| 610 | 1 | |a электронный ресурс | |
| 610 | 1 | |a труды учёных ТПУ | |
| 610 | 1 | |a модернизация | |
| 610 | 1 | |a рентгеновские дифрактометры | |
| 610 | 1 | |a структурные изменения | |
| 610 | 1 | |a фазовые изменения | |
| 610 | 1 | |a водород | |
| 610 | 1 | |a конструкционные материалы | |
| 610 | 1 | |a дифрактометры | |
| 610 | 1 | |a газовые среды | |
| 700 | 1 | |a Бритт |b Д. С. | |
| 701 | 1 | |a Гаранин |b Г. В. |c физик |c заведующий лабораторией Томского политехнического университета |f 1976- |g Георгий Викторович |2 stltpush |3 (RuTPU)RU\TPU\pers\27833 | |
| 702 | 1 | |a Сыртанов |b М. С. |c физик |c инженер Томского политехнического университета |f 1990- |g Максим Сергеевич |2 stltpush |4 727 | |
| 712 | 0 | 2 | |a Национальный исследовательский Томский политехнический университет |b Инженерная школа ядерных технологий |b Отделение экспериментальной физики |h 7865 |2 stltpush |3 (RuTPU)RU\TPU\col\23549 |
| 801 | 2 | |a RU |b 63413507 |c 20190925 |g RCR | |
| 856 | 4 | |u http://earchive.tpu.ru/handle/11683/55802 | |
| 942 | |c BK | ||